000 nam a22 a 4500
999 _c261
_d261
003 AKMAL
005 20170428092420.0
008 1704 s2002 my e 001 0 may d
020 _a9835202710 (kkt.) :
_cRM30.00
040 _aAKMAL
082 0 4 _a959.5 KAS
_221
090 0 0 _a959.5
_bKAS
100 0 _aKassim Thukiman
_9583
245 1 0 _aMalaysia :
_bperspektif sejarah dan politik /
_cKassim Thukiman
260 _aSkudai :
_bPenerbit Universiti Teknologi Malaysia,
_c2002
300 _aviii, 229ms. ;
_c24cm.
500 _aMengandungi indeks
504 _aBibliografi: ms. 193-221
599 _aDALAM PROSES
651 0 _aMalaysia
_xHistory
_9434
651 0 _aMalaysia
_xPolitics and government
_944
942 _2ddc
_cBOOK